Lectures on administrative law / (Record no. 1236)
[ view plain ]
| 000 -LEADER | |
|---|---|
| fixed length control field | 00670nam a22002297a 4500 |
| 001 - CONTROL NUMBER | |
| control field | 11028 |
| 003 - CONTROL NUMBER IDENTIFIER | |
| control field | BD-DhUAP |
| 005 - DATE AND TIME OF LATEST TRANSACTION | |
| control field | 20200204113158.0 |
| 008 - FIXED-LENGTH DATA ELEMENTS--GENERAL INFORMATION | |
| fixed length control field | 200204r20071998ii ||||| |||| 001 0 eng d |
| 020 ## - INTERNATIONAL STANDARD BOOK NUMBER | |
| International Standard Book Number | 9788170129882 |
| 040 ## - CATALOGING SOURCE | |
| Original cataloging agency | BD-DhUAP |
| Language of cataloging | Eng |
| Transcribing agency | BD-DhUAP |
| Modifying agency | BD-DhUAP |
| 082 ## - DEWEY DECIMAL CLASSIFICATION NUMBER | |
| Edition number | 23 |
| Classification number | 342.5406 TAK |
| 100 ## - MAIN ENTRY--PERSONAL NAME | |
| Personal name | Takwani, C. K. |
| 245 ## - TITLE STATEMENT | |
| Title | Lectures on administrative law / |
| Statement of responsibility, etc. | C. K. Takwani and M. C. Thakker. |
| 250 ## - EDITION STATEMENT | |
| Edition statement | 3rd ed. |
| 260 ## - PUBLICATION, DISTRIBUTION, ETC. | |
| Place of publication, distribution, etc. | Lucknow : |
| Name of publisher, distributor, etc. | Eastern Book Co., |
| Date of publication, distribution, etc. | c1998 [Reprinted 2007]. |
| 300 ## - PHYSICAL DESCRIPTION | |
| Extent | lvi, 447 pages ; |
| Dimensions | 23 cm. |
| 500 ## - GENERAL NOTE | |
| General note | Includes index. |
| 650 ## - SUBJECT ADDED ENTRY--TOPICAL TERM | |
| Topical term or geographic name entry element | Administrative law |
| Geographic subdivision | India. |
| 700 ## - ADDED ENTRY--PERSONAL NAME | |
| Personal name | Thakker, M. C. |
| 942 ## - ADDED ENTRY ELEMENTS (KOHA) | |
| Source of classification or shelving scheme | |
| Koha item type | Book |
| Withdrawn status | Lost status | Source of classification or shelving scheme | Damaged status | Not for loan | Permanent Location | Current Location | Shelving location | Date acquired | Total Checkouts | Full call number | Barcode | Date last seen | Date last checked out | Copy number | Price effective from | Koha item type | Total Renewals |
|---|---|---|---|---|---|---|---|---|---|---|---|---|---|---|---|---|---|
| UAP Central Library | UAP Central Library | General Stacks | 2020-02-04 | 1 | 342.5406 TAK | 3010011028 | 2024-12-29 | 2024-12-23 | 1 | 2020-02-04 | Book | ||||||
| UAP Central Library | UAP Central Library | General Stacks | 2020-02-04 | 1 | 342.5406 TAK | 3010011641 | 2024-12-24 | 2024-12-23 | 2 | 2020-02-04 | Book | ||||||
| UAP Central Library | UAP Central Library | General Stacks | 2020-02-04 | 342.5406 TAK | 3010011026 | 2020-02-04 | 3 | 2020-02-04 | Book | ||||||||
| UAP Central Library | UAP Central Library | General Stacks | 2020-02-04 | 342.5406 TAK | 3010011640 | 2020-02-04 | 4 | 2020-02-04 | Book | ||||||||
| UAP Central Library | UAP Central Library | General Stacks | 2020-02-04 | 342.5406 TAK | 3010011642 | 2020-02-04 | 5 | 2020-02-04 | Book | ||||||||
| UAP Central Library | UAP Central Library | General Stacks | 2020-02-04 | 342.5406 TAK | 3010011027 | 2020-02-04 | 6 | 2020-02-04 | Book | ||||||||
| UAP Central Library | UAP Central Library | General Stacks | 2020-02-04 | 342.5406 TAK | 3010010399 | 2020-02-04 | 7 | 2020-02-04 | Book | ||||||||
| UAP Central Library | UAP Central Library | General Stacks | 2020-02-04 | 2 | 342.5406 TAK | 3010010397 | 2024-12-24 | 2024-11-25 | 8 | 2020-02-04 | Book | 1 | |||||
| UAP Central Library | UAP Central Library | General Stacks | 2020-02-04 | 3 | 342.5406 TAK | 3010011643 | 2025-01-02 | 2024-12-23 | 9 | 2020-02-04 | Book | 1 | |||||
| UAP Central Library | UAP Central Library | General Stacks | 2020-02-04 | 342.5406 TAK | 3010010398 | 2020-12-30 | 10 | 2020-02-04 | Book | ||||||||
| UAP Central Library | UAP Central Library | General Stacks | 2020-02-04 | 342.5406 TAK | 3010011639 | 2021-01-31 | 11 | 2020-02-04 | Book |
Bengali Keyboard